000 00424nam a2200169Ia 4500
008 131103s9999 xx 000 0 und d
020 _cRs.7.25
040 _aLoreto College
041 _aEnglish
082 _aCHBK-II/YOU
_bLCBED/12112
245 _aStories for the young
_b book IV
260 _aDelhi
_bFrank
_c1985
300 _a44P
_b pic.
_c 19cm.
650 _aCHBK-II
850 _aLCBED/CHBK-II/YOU
942 _cBK
999 _c31292
_d81771